Chansons Disney - Statistiques

Statistiques générales
  • Ce quiz a été pris 1 089 fois
  • Le résultat moyen est 15 sur 20
Statistiques - réponses
Hint Réponse % Correct
Il en faut peu pour être heureux Vraiment très peu être heureux Le Livre de la Jungle - Il En Faut Peu Pour Être Heureux
98%
Attaquons l'exercicePour défaire les Huns Mulan - Comme Un homme
95%
Sept heures, je me réveilleEt dehors, il fait clair Raiponce - Où Est La Vraie Vie?
93%
Un jour mon prince viendra Un jour on s'aimera Blanche-Neige - Un Jour, Mon Prince Viendra
92%
Je vais t'offrir un monde Aux mille et une splendeurs Aladdin - Ce Rêve Bleu
91%
Pour toi je suis l'ignorante sauvageTu parles de ma différence Je crois sans malveillance Pocahontas - L'Air Du Vent
88%
Ton ami c'est moi Tu sais, je suis ton ami Toy story - Je suis Ton Ami
87%
C'est terrible, c'est affreux (quoi?)Et ils se moquent de tout (qui?) Le Roi Lion - L'Amour Brille Sous Les Étoiles
83%
S'il y a un prix pour le manque de jugementJe crois que j'ai le ticket gagnant Hercule - Jamais Je N'avouerai
81%
Toute ma vie je n'ai trouvé que des portes ferméesJusqu'au jour où je suis tombée sur vous La Reine des Neiges - L'Amour est un Cadeau
81%
Je comprends ce qui passeEtre face à la perfection c'est si rare Vaiana - Pour Les Hommes
80%
Mon amour Je t'ai vu au bout milieu d'un rêve La Belle au Bois Dormant - J'en Ai Rêvé
79%
Non Maman je n'ai pas le temps de danser J'ai encore de nombreuses choses à faire La Princesse et la Grenouille - Au Bout Du Rêve
79%
Dites à mes amis que je m'en vais Je pars vers de nouveaux pays Frères des Ours - En Chemin
73%
Mon bébé, si joli Maman veille, mon petit Dumbo - Mon Tout-Petit
72%
Tout ces secrets que j'ai gardésNe crois-tu pas que mes fées m'ont comblées? La Petite Sirène - Partir Là-Bas
66%
Quand le vent se lève et m'appelle Sifflant dans le ciel d'été Rebelle - Vers Le Ciel
62%
Tout ce que tu fais, je le feraiApprends-moi ce que je n'connais pas Tarzan - Je Veux Savoir
61%
Je n'ai pas peur, je suis solideEt comme la roche, je suis une dure à cuire Encanto - Sous Les Apparences
50%
Toi qui crois que la Terre est ronde Tu n'te doutes pas une seconde Que ton histoire pourrais changer La Planète au Trésor - Un Homme Libre
29%
Aucun quiz correspondant
Distribution des résultats
% des personnes avec chaque résultat
Percentile par nombre de réponses
Votre historique - résultats
Vous n’avez pas pris ce quiz